LEADER 01182cam2-2200385---450 001 990002885800203316 005 20181029102034.0 010 $a88-14-12604-6 035 $a000288580 035 $aUSA01000288580 035 $a(ALEPH)000288580USA01 035 $a000288580 100 $a20070322d2006----km-y0itay0103----ba 101 $aita 102 $aIT 105 $a||||||||001yy 200 1 $a<<55. :>> Contratto di noleggio$fLeopoldo Tullio 210 $aMilano$cA. Giuffrè$d2006 215 $aXIV,454 p.$d24 cm 225 2 $aTrattato di diritto civile e commerciale 461 1$1001990000054250203316$12001$aTrattato di diritto civile e commerciale 606 0 $aNoleggio$2BNCF 676 $a346.45025 700 1$aTULLIO,$bLeopoldo$0132939 801 0$aIT$bsalbc$gISBD 912 $a990002885800203316 951 $aXXV.1.B. 705 55$b53450 G.$cXXV.1.B.$d00209826 959 $aBK 969 $aGIU 979 $aALESSANDRA$b90$c20070322$lUSA01$h1141 979 $aCHIARA$b90$c20100222$lUSA01$h1146 979 $aCHIARA$b90$c20100222$lUSA01$h1156 979 $aCHIARA$b90$c20120710$lUSA01$h1237 996 $aContratto di noleggio$9708881 997 $aUNISA LEADER 02118nam 22007095u 450 001 9910156327303321 005 20211006144823.0 010 $a9783318033335 010 $a3318033332 035 $a(CKB)3780000000101278 035 $a(OCoLC)1046111474 035 $a(SZ-BaSKA)221582 035 $a(MiAaPQ)EBC31864767 035 $a(Au-PeEL)EBL31864767 035 $a(EXLCZ)993780000000101278 100 $a20211006d1989 uy 0 101 0 $aeng 135 $aurunu||||| 181 $ctxt$2rdacontent 182 $cc$2rdamedia 183 $acr$2rdacarrier 200 10$aClinical Nephrology: Immunologic Considerations, Invasive Techniques and Dialytic Strategies : $e19th Course on Advances in Nephrology and Dialysis, Milano, December 1987 / $f editors, G. D'Amico, G. Colasanti 205 $a1st ed. 210 $aBasel : $cS. Karger, $d1989 215 $a1 online resource (VI + 206 pages) : $c 43 figures, 37 tables 225 0 $aContributions to Nephrology, $x1662-2782 ; $vVol.69 311 08$a9783805548571 311 08$a3805548575 410 0$aIssn Series 517 $aClinical Nephrology 606 $aNephrology 606 $aImmunology 606 $aBiochemistry 606 $aHematology 606 $aMedical Engineering 606 $aPathology 606 $aPharmacology 606 $aPhysiology 606 $aPsychology 606 $aRadiology 606 $aUrology 615 14$aNephrology 615 14$aImmunology 615 24$aBiochemistry 615 24$aHematology 615 24$aMedical Engineering 615 24$aPathology 615 24$aPharmacology 615 24$aPhysiology 615 24$aPsychology 615 24$aRadiology 615 24$aUrology 676 $a616.6/1 700 $aD'Amico$b G 701 $aD'Amico$b G$g(Giuseppe),$f1929-$0573161 701 $aColasanti$b G$g(Giuliano)$01216798 801 0$bUKSKG 801 1$bUKSKG 906 $aBOOK 912 $a9910156327303321 996 $aClinical Nephrology: Immunologic Considerations, Invasive Techniques and Dialytic Strategies$92856703 997 $aUNINA